|
|
|
|
| LEADER |
01367nam a2200301 u 4500 |
| 001 |
10027072 |
| 003 |
upatras |
| 005 |
20210117205958.0 |
| 008 |
970522s1984 ne eng |
| 020 |
|
|
|a 9027717559
|
| 040 |
|
|
|a GR-PaULI
|c GR-PaULI
|
| 041 |
0 |
|
|a eng
|
| 082 |
0 |
4 |
|a 530.120 151
|
| 245 |
1 |
0 |
|a Monte Carlo methods in quantum problems
|b proceedings of the NATO Advanced Research Workshop on Monte Carlo Methods in Quantum Problems, held in Paris, France, November 30 - December 3, 1982
|c edited by Malvin H. Kalos
|
| 260 |
|
|
|a Dordrecht
|b D.Reidel Publishing Company
|c 1984
|
| 300 |
|
|
|a viii, 291 p.
|b fig.
|c 25 cm.
|
| 490 |
0 |
|
|a NATO ASI series : Series C: Mathematical and physical sciences
|v 125
|
| 504 |
|
|
|a Includes references and index
|
| 650 |
|
4 |
|a Κβαντική χημεία
|9 46
|
| 650 |
|
4 |
|a Μέθοδος Monte Carlo
|9 200
|
| 650 |
|
4 |
|9 7
|a Κβαντική θεωρία πεδίων
|
| 700 |
1 |
|
|a Kalos, Malvin H.
|4 edt
|9 57440
|
| 760 |
0 |
|
|a NATO Advanced Study Institutes series
|g 125
|
| 852 |
|
|
|a GR-PaULI
|b ΠΑΤΡΑ
|b ΦΥΣΙΚΟ
|k ΑΕΧ-1
|h 530.120 151 KAL
|m 02320
|p 025000018045
|t 1
|
| 942 |
|
|
|2 ddc
|c BK15
|
| 952 |
|
|
|0 0
|1 0
|4 0
|6 530_120000000000000_151_KAL
|7 0
|9 197471
|a PHYS
|b PHYS
|d 2016-04-24
|i 02320
|l 0
|o 530.120 151 KAL
|p 025000018045
|r 2016-04-24 00:00:00
|t 1
|w 2016-04-24
|y BK15
|
| 998 |
|
|
|c ΔΡΑΚΟΠΟΥΛΟΥ
|d 2002-06
|
| 999 |
|
|
|c 121263
|d 121263
|